000 00300nam a2200133Ia 4500
008 190216s9999||||xx |||||||||||||| ||und||
100 _aChopra P N
245 0 _aDevelopment Planning
250 _a1st Ed.
260 _bVishal Publcations
_c1974
300 _a212
650 _aEconomics
942 _cBK
999 _c9452
_d9452